000 01025nam a2200253Ia 4500
003 OSt
005 20210714114531.0
008 210310s1992 nyuad gr 000 0 spa d
040 _aCO-JMCR
_cCO-JMCR
041 0 _aspa
082 0 4 _a332.0415 /
_bS111a
_223
100 1 _aSánchez, Fabio,
_eautor
_915885
245 1 0 _aAhorro, inversión y perspectivas de Colombia /
_cFabio Sánchez, Eduardo Lora, Aura Janeth Parra
260 _aWashington D.C. :
_bBanco Interamericano de Desarrollo,
_c1992.
300 _a119 páginas ;
_b29 cm
490 0 _aDocumentos de trabajo ;
_v111
505 0 _aComportamiento de la inversión. -- Financiación de la inversión. -- El ahorro del sector público y los determinantes de sus variaciones. -- Simulaciones e implicaciones de política.
650 1 4 _aInversión
_xpública
_926787
650 2 4 _aAhorro pública
_938445
650 2 4 _aAhorro
_xvariaciones
_938446
700 1 _aLora, Eduardo,
_eautor
_92270
700 1 _aParra, Aura Janeth,
_eautora
_938447
942 _2ddc
_cBK
999 _c11912
_d11912